Ils sont nés un 5 juillet - Statistiques

Statistiques générales
  • Ce quiz a été pris 65 fois
  • Le résultat moyen est 4 sur 8
Statistiques - réponses
Réponse % Correct
Georges Pompidou
87%
Amélie Mauresmo
76%
Laurence Ferrari
71%
Pierre Mauroy
63%
Jean Cocteau
42%
Marc-Olivier Fogiel
35%
Lætitia Milot
34%
Philippe Vandel
27%
Aucun quiz correspondant
Distribution des résultats
% des personnes avec chaque résultat
Percentile par nombre de réponses
Votre historique - résultats
Vous n’avez pas pris ce quiz